ბათუმის შოთა რუსთაველის სახელმწიფო უნივერსიტეტის ბიბლიოთეკა

პროფესიული პასუხისმგებლობის დაზღვევის ფინანსური მექანიზმი (ბიბ.ჩანაწერი № 60471)

000 -ლიდერი
ფიქსირებული სიგრძის საკონტროლო ველი 01651nam a22002057a 4500
003 - საკონტროლო ნომრის იდენტიფიკატორი
საკონტროლო ველი Ge_BSU
005 - ბოლო ოპერაციის თარიღი და დრო
საკონტროლო ველი 20230725130754.0
008 - ფიქსირებული სიგრძის მონაცემთა ელემენტები - ზოგადი ინფორმაცია
ფიქსირებული სიგრძის საკონტროლო ველი 230725s2022ge xxu||||| |||| 00| 0 geo d
041 ## - ენის კოდი
Language code of text/sound track or separate title geo
080 ## - უნივერსალური ათობითი კლასიფიკაციის ინდექსი
Universal Decimal Classification number 657 ი-37
100 ## - მთავარი ჩანაწერი - პიროვნების სახელი
Personal name ივანიშვილი, მაია
9 (RLIN) 19539
245 ## - ცნობა სათაურის შესახებ
Title პროფესიული პასუხისმგებლობის დაზღვევის ფინანსური მექანიზმი
Remainder of title დისერტაცია: დისერტაცია წარდგენილია ბიზნესის ადმინისტრირების დოქტორის აკადემიური ხარისხის მოსაპოვებლად /
Statement of responsibility, etc მაია ივანიშვილი, მეცნ.ხელმძღვ. ასიე ცინცაძე
264 ## - წარმოების, გამოცემის, დისტრიბუციის და სხვა ცნობები
გამოცემის, წარმოების, დისტრიბუციის... ადგილი ბათუმი,
გამოცემის, წარმოების, დისტრიბუციის... თარიღი 2022.
300 ## - ფიზიკური აღწერა
Extent 154 გვ.:
Other physical details 30 სმ.
653 ## - INDEX TERM--UNCONTROLLED
Uncontrolled term პროფესიული პასუხისმგებლობის დაზღვევის ფინანსური მექანიზმი
653 ## - INDEX TERM--UNCONTROLLED
Uncontrolled term დაზღვევა
700 ## - ADDED ENTRY--PERSONAL NAME
Personal name ცინცაძე, ასიე
Relator term სამეცნიერო ხელმძღვანელი
9 (RLIN) 12504
710 ## - ADDED ENTRY--CORPORATE NAME
Corporate name or jurisdiction name as entry element ბათუმის შოთა რუსთაველის სახელმწიფო უნივერსიტეტი საფინანსო, საბანკო და სადაზღვევო საქმის დარგობრივი დეპარტამენტი
9 (RLIN) 19540
942 ## - ADDED ENTRY ELEMENTS (KOHA)
Source of classification or shelving scheme
Koha item type წიგნი
ეგზემპლარები
ჩამოწერის სტატუსი დაკარგული ეგზემპლარის სტატუსი კლასიფიკაციის წყარო ან თაროზე გაწყობის სქემა დაზიანების სტატუსი არ გაიცემა მუდმივი მდებარეობა (დაცვის ადგილი) ამჟამინდელი ადგილსამყოფელი თაროზე განთავსების ადგილი შეძენის თარიღი სრული შენახვის შიფრი შტრიხკოდი ბოლო ოპერაციის თარიღი ეგზემპლარის მიმდევრობითი ნომერი (კეტერი?) ფასის ძალაში შესვლის თარიღი ეგზემპლარის სახეობა
          ბათუმის შოთა რუსთაველის სახელმწიფო უნივერსიტეტის მთავარი ბიბლიოთეკა ბათუმის შოთა რუსთაველის სახელმწიფო უნივერსიტეტის მთავარი ბიბლიოთეკა წიგნსაცავი 2023-07-25 657 ი-37 420 დისერტაცია 2023-07-25 420 დისერტაცია 2023-07-25 დისერტაცია